| 000 | 00536nam a2200193 i 4500 | ||
|---|---|---|---|
| 001 | 122296 | ||
| 003 | ES-MaACL | ||
| 005 | 20230906191940.0 | ||
| 007 | t| | ||
| 008 | 070523s1929 sp ||||1| spa d | ||
| 080 | _a913(460) | ||
| 100 | 1 |
_aNoel, Martín S. _985827 |
|
| 245 | 1 | 0 |
_aEspaña vista otra vez / _cMartín S. Noel. |
| 250 | _a1ª ed. | ||
| 260 |
_aMadrid : _bEditorial España, _c1929. |
||
| 300 |
_a290 p. : _bil. ; _c22 cm. |
||
| 651 | 4 |
_aEspaña- _xDescripción- _yS.XX. _98187 |
|
| 852 |
_aES-MaACL _jF-9371 _bR.142100 |
||
| 999 |
_c122296 _d122296 |
||